00665nam a2200205 I 450000500170000000800410001702000150005804000270007304100080010004400080010808200190011610000210013524501160015626000340027230000460030650000220035265000270037465000280040170000300042920160107083131.0140305s ||||| |||| 00| 0 spa d a9696397547 aCO-BoIAVH cCO-BoIAVH 1 aspa axxu04a597.09164bA421 aAllen, Gerald R.10aPeces del Pacífico oriental tropical /cGerald R. Allen, D. Ross Robertson ; traducción de Myrna I. López aMéxico : bCONABIO, c1998. a327 páginas :bilustraciones ; c29 cm. aIncluye índice. aPecesxClasificación aPecesxIdentificación1 aRobertson, D. Rosseautor